000 00353pam a2200157a 44500
008 230515b1983 xxu||||| |||| 00| 0 eng d
020 _aNULL
041 _aENGLISH
082 _aN.D.
100 _aNULL
245 _aSpecificaion For Plan& Master Setting Ring
250 _a0
260 _aNULL
_bIndian Std.
_c1983
300 _a4
650 _aNULL
999 _c574387
_d574387